| 000 | 00615nam a2200169 a 4500 | ||
|---|---|---|---|
| 001 | 000048333 | ||
| 005 | 20201002061058.0 | ||
| 008 | 190206s2016 pr r 000 0 spa d | ||
| 020 | _a9789945581713 | ||
| 040 |
_aDO-SdBNP _bspa _cBNPHU |
||
| 082 |
_axxxx _bR696c |
||
| 100 | 1 |
_aRodríguez, Anisa Farhan _975751 |
|
| 245 | 1 | 3 |
_aEl cuerpo mutilado :. : _bla construcción de la figura femenina en la narrativa de Rosario Ferré, Ana Lydia Vega y Mayra Santos Febres / _cAnisa Farhan Rodríguez. |
| 260 |
_aSan Juan, Puerto Rico : _bIsla Negra, _c2016. |
||
| 300 |
_a197 p. ; _c22 cm. |
||
| 590 | _aInventariado, 2019 / DG | ||
| 999 |
_c47821 _d47821 |
||